Word Ladder: Steve Martin Movies Quiz Stats

 Plays Quiz Updated Dec 19, 2015

Challenge
Share
Tweet
Embed
Score 0/65 Timer 08:00
0 Plays Today
Hint 4-Letter Word % Correct
Head of a college DEAN
96.4%
☆ The ____ Panther (2006) ☆PINK
96%
Mountain topPEAK
95.8%
Three blind rodentsMICE
95.8%
☆ Little ____ of Horrors (1986) ☆SHOP
95.8%
☆ And the ____ Played On (1993) ☆BAND
95.5%
Vegas gambling machineSLOT
95.4%
Home for chickensCOOP
95.3%
☆ A Simple Twist of ____ (1994) ☆FATE
95.3%
Animal fat for cookingLARD
95.2%
Hack with a cleaverCHOP
95.2%
Small drink of whiskeySHOT
95.1%
Do it like BeckhamBEND
95%
Murder-mystery board game (US)CLUE
95%
1.609 kilometersMILE
94.9%
Fish breathing organGILL
94.9%
Taxi feeFARE
94.7%
AdorableCUTE
94.6%
Actress BlanchettCATE
94.6%
Comprehend printed matterREAD
94.3%
Coniferous treePINE
94.3%
Heavy metal band Mötley ____CRÜE
94.1%
Music style of Sid ViciousPUNK
94%
SongbirdLARK
93.8%
Counterbalance to evilGOOD
93.7%
Side benefit for employeesPERK
93.6%
Basketball goalHOOP
93.6%
☆ ____ of Faith (1992) ☆LEAP
93.5%
Business, credit, or greeting, e.g.CARD
93.4%
Without coveringBARE
93.2%
Wordplay jokesPUNS
92.6%
Harvest a cropREAP
92.6%
Three squaredNINE
92.6%
Hint 4-Letter Word % Correct
Be in charge or command LEAD
92.5%
SlicesCUTS
92.5%
☆ ____ Men Don't Wear Plaid (1982) ☆DEAD
92.3%
☆ Another ____ Mess (1972) ☆NICE
91.9%
Partridge treePEAR
91.7%
Tear into piecesREND
91.7%
Sisters of habitNUNS
91.6%
☆ Sgt. Pepper's Lonely Hearts ____ Band (1978) ☆CLUB
91.5%
☆ Parent____ (1989) ☆HOOD
91.4%
Like a college with men and womenCO-ED
91.4%
Land sloping down to riverBANK
90.7%
128 cubic feet of cut woodCORD
89.8%
☆ Mixed ____ (1994) ☆NUTS
89.8%
Shortage, scarcityLACK
89.5%
☆ Looney Tunes: ____ in Action (2003) ☆BACK
89.5%
Disgusting or unpleasant substanceCRUD
88.7%
Street acceptabilityCRED
88.5%
☆ My ____ Heaven (1991) ☆BLUE
82.9%
Duct for smoke FLUE
81.8%
☆ The ____ (1979) ☆JERK
80.8%
Weep, sobBLUB
80.1%
Blackthorn berry in ginSLOE
79.9%
Sheep herding pigBABE
78.6%
Floating ice sheetFLOE
78%
☆ ____ Mama (2008) ☆BABY
71.8%
Covered with gold leaf GILT
71.1%
☆ Shop____ (2005) ☆GIRL
70.2%
Male fish reproductive glandMILT
69.3%
Encircle with beltGIRD
66.4%
'The Red Green Show's rangerGORD
65.5%
☆ The Big ____ (2011) ☆YEAR
40.6%
Give birth to lamb or kidYEAN
39.8%

Today's Daily Dose

Missing Word
Britpop Albums

Word Ladder
Sing It!

On This Day
December 14th II

You're not logged in!

Compare scores with friends on all Sporcle quizzes.
OR
Log In

You Might Also Like...

Show Comments

Extras

Top Quizzes Today


Score Distribution

Your Account Isn't Verified!

In order to create a playlist on Sporcle, you need to verify the email address you used during registration. Go to your Sporcle Settings to finish the process.

Report this User

Report this user for behavior that violates our Community Guidelines.

Details: